Movies Quiz

Random Movies or James Bond Quiz

James Bond intro song titles Quiz Stats

 Plays Quiz not verified by Sporcle

Challenge
Share
Tweet
Embed
Score 0/24 Timer 08:00
0 Plays Today
Year Song title % Correct
2012Skyfall
93.1%
1964Goldfinger
86.2%
1973Live and Let Die
86.2%
1965Thunderball
79.3%
1985A View to a Kill
79.3%
1995Goldeneye
79.3%
2002Die another Day
79.3%
1974The Man with the Golden Gun
75.9%
1979Moonraker
75.9%
1987The Living Daylights
75.9%
1963From Russia with Love
72.4%
1971Diamonds are Forever
72.4%
Year Song title % Correct
1999The world is not Enough
69%
1967You only live twice
65.5%
1981For your eyes only
65.5%
1989Licence to Kill
65.5%
1977Nobody does it Better
62.1%
1983All time high
58.6%
1962Dr No
55.2%
2015Writing's on the Wall
55.2%
1997Tomorrow never Dies
51.7%
2006You know my Name
51.7%
1969On her Majesty's Secret Service
41.4%
2008Another way to Die
37.9%

You're not logged in!

Compare scores with friends on all Sporcle quizzes.
OR
Log In

You Might Also Like...

Show Comments

Extras

Created Mar 21, 2017ReportNominate
Tags:James Bond Quiz

Top Quizzes Today


Score Distribution

Your Account Isn't Verified!

In order to create a playlist on Sporcle, you need to verify the email address you used during registration. Go to your Sporcle Settings to finish the process.

Report this User

Report this user for behavior that violates our Community Guidelines.

Details: